000 00689nam a2200181 a 4500
005 20140412111259.0
008 010423s19uu xx 00 eng d
020 _a0-7214-7385-7
050 _aM 833.8
_bS69 1998
100 _aSpyri, Johanna
245 _aHeidi /
_cby Johanna Spyri; retold by Alison Ainsworth ; illustrated by Nick Harris.
260 _aLeicestershire, UK :
_bLadybird Books Ltd,
_c1998.
300 _a1v. (unp.) ; ill.
520 _aHeidi loves living in the Alps with her Grandfather, and his thoroughly miserable when she taken to Frankfurt to be compananion for an invalid named Clara.
650 _aFolk Tales
650 _aChildren's stories
999 _c103314
_d103314